| 000 | 00718nam a2200193 i 4500 | ||
|---|---|---|---|
| 001 | 165887 | ||
| 003 | ES-MaACL | ||
| 005 | 20251112162834.0 | ||
| 008 | 000119s1888 sp |||| | spa d | ||
| 040 |
_aCCPB | B _bspa _cCCPB | B |
||
| 100 | 1 |
_aSuénder, Enrique ( _d1829-1897) _9108728 |
|
| 245 | 1 | 0 |
_aNoticia de las obras del Doctor Francisco Díaz, celebre médico español del siglo XVI / _cpor el doctor Enrique Suénder. |
| 260 |
_aMadrid : _b[s.n.], _c1888 ( _fM. Ginesta, hermanos, impresores ...) |
||
| 300 |
_a72, [3] p. ; _c23 cm. |
||
| 500 | _aTirada de cien ejemplares. | ||
| 600 | 1 | 7 |
_aDíaz, Francisco, _d1527?-1590 _2 _9156272 |
| 852 |
_aES-MaACL _jG-15419 _z-- Enc. hol. |
||
| 999 |
_c165887 _d165887 |
||